| 000 | 00585cam a22001931 4500 | ||
|---|---|---|---|
| 001 | 45465 | ||
| 090 | _a45465 | ||
| 100 | _a19940105d1945 m y0pory5003 ba | ||
| 101 | 1 | _apor | |
| 102 | _aPT | ||
| 200 | 1 |
_aA música e a sociedade _fElie Siegmeister _gtrad. Fernando Lopes Graça |
|
| 210 | 9 |
_aLisboa _cEdições Cosmos, _d1945 |
|
| 215 |
_a98 p. _cil. _d19 cm |
||
| 225 | 2 |
_aBiblioteca Cosmos _h2.ª Seccão _v96. _iArtes e letras. Música _v22 |
|
| 675 | _a78 | ||
| 700 | 1 |
_aSiegmeister, _bElie, _f1909-1991 |
|
| 702 | 1 |
_aGra—ca, _bFernando Lopes, _f1906-1994 _4730 |
|
| 801 | 0 |
_aPT _bBN _gRPC |
|
| 990 | _cLIVROS | ||